Chalo dayar -e- nabi ki janib Part 1 / (Record no. 46621)

MARC details
000 -LEADER
fixed length control field 01120njm a22002777a 4500
005 - DATE AND TIME OF LATEST TRANSACTION
control field 20100913100347.0
007 - PHYSICAL DESCRIPTION FIXED FIELD--GENERAL INFORMATION
fixed length control field sd ammalaaahaa
008 - FIXED-LENGTH DATA ELEMENTS--GENERAL INFORMATION
fixed length control field 100913t xxu||||| |||| 00| 0 hin d
028 ## - PUBLISHER NUMBER
Publisher number S/3AEX. 16006
Source Angel
035 ## - SYSTEM CONTROL NUMBER
System control number GR-03306
040 ## - CATALOGING SOURCE
Original cataloging agency SED/VEN
100 ## - MAIN ENTRY--PERSONAL NAME
9 (RLIN) 19606
Personal name Ghulam farid sabri
245 ## - TITLE STATEMENT
Title Chalo dayar -e- nabi ki janib Part 1 /
Statement of responsibility, etc by Ghulam farid sabri ; music by Maqwwal Ahmed ; lyric by Khalid Mahmood
Medium [sound recording] :
246 ## - VARYING FORM OF TITLE
Title proper/short title चलो दायर -इ - नबी की जानिब (ग़ुलाम फरीद सबरी)
260 ## - PUBLICATION, DISTRIBUTION, ETC. (IMPRINT)
Place of publication, distribution, etc Dum Dum, India
Name of publisher, distributor, etc Angel
Date of publication, distribution, etc 1981
300 ## - PHYSICAL DESCRIPTION
Extent 1 sound disc [Gramophone record] :
Other physical details analog, 33. 1/3 rpm
Dimensions 12 in. (LP)
Type of unit Gramophone record
500 ## - GENERAL NOTE
General note Brief record.
500 ## - GENERAL NOTE
General note Angel
500 ## - GENERAL NOTE
General note Purpal
505 ## - FORMATTED CONTENTS NOTE
Formatted contents note Part 2 Deewaron se milkar rona achchha lagta hai (Ghulam farid sabri )
650 ## - SUBJECT ADDED ENTRY--TOPICAL TERM
Topical term or geographic name as entry element Urdu modern
General subdivision Excerpts
Geographic subdivision India
9 (RLIN) 19607
700 ## - ADDED ENTRY--PERSONAL NAME
9 (RLIN) 20331
Personal name Maqwwal Ahmed
700 ## - ADDED ENTRY--PERSONAL NAME
Personal name Khalid Mahmood
9 (RLIN) 20603
942 ## - ADDED ENTRY ELEMENTS (KOHA)
Source of classification or shelving scheme Dewey Decimal Classification
Item type Gramaphone Records
Holdings
Withdrawn status Lost status Source of classification or shelving scheme Damaged status Not for loan Home library Current library Date acquired Source of acquisition Total Checkouts Barcode Date last seen Copy number Price effective from Koha item type
    Dewey Decimal Classification   Not For Loan Central Library Central Library 17/09/2010 SED/VEN   GR-03306 17/09/2010 1 17/09/2010 Gramaphone Records

© Delhi Public Library
Hit Counter
free hit counter